000 00595nam a2200181 i 4500
001 84069
003 ES-MaACL
005 20230906174935.0
007 t|
008 041119s1967 sp ||||1| spa d
245 0 0 _aSegundo Catecismo para la celebración de la Eucaristia franceses /
_c[preparado por Raimond Izard ; la versión castellana es de Ramón Jáuregui].
250 _a[1ª ed.].
260 _aBarcelona :
_bEstela,
_c[1967]
300 _a90 p. :
_bil. ;
_c17 cm.
700 1 _aIzard, Raymond.
_965683
700 1 _aJáuregui, Ramón.
_966190
852 _aES-MaACL
_jC-33909
_bR.64977
999 _c84069
_d84069